000 00962cam a22002651i 4500
003 SA-RiAUC
005 20241104122922.0
008 241103s1985 le g 000 0 ara c
040 _aEG-CaDAJ
_bara
_cSA-RiAUC
_erda
082 0 4 _a251.11
_qSA-RiAUC
090 _a251.11
_bع م ر
100 1 _aالعمري، نادية محمد شريف
_eمؤلف.
245 1 2 _aالنسخ في دراسات الأصوليين /
_cنادية شريف العمري.
250 _aالطبعة الأولى.
264 1 _aبيروت :
_bمؤسسة الرسالة،
_c1985
300 _a586 صفحة ؛
_c24 سم
336 _aنص
_btxt
_2rdacontent
_3كتاب
337 _aبدون وسيط
_bn
_2rdamedia
338 _aمجلد
_bnc
_2rdacarrier
630 2 7 _aالقرآن
_xالناسخ والمنسوخ
_2aucut
650 7 _aأصول الفقه الإسلامي
_2aucsh
730 2 2 _aالقرآن
942 _2ddc
_cBOOK
_n0
949 _aSA-JeALM
_d241103
_umohamedma123
_n1
999 _c2031
_d2031